Water levels and artesian pressures in observation wells in Mississippi 1938-1952. (Record no. 28859)

MARC details
000 -LEADER
fixed length control field 01276cam a22002651 4500
001 - CONTROL NUMBER
control field gs 54000201
003 - CONTROL NUMBER IDENTIFIER
control field DLC
005 - DATE AND TIME OF LATEST TRANSACTION
control field 20260227111401.0
008 - FIXED-LENGTH DATA ELEMENTS--GENERAL INFORMATION
fixed length control field 780301s1953 xx 000 0 eng c
010 ## - LIBRARY OF CONGRESS CONTROL NUMBER
LC control number gs 54000201
035 ## - SYSTEM CONTROL NUMBER
System control number (OCoLC)3680842
040 ## - CATALOGING SOURCE
Original cataloging agency U.S. Geol. Survey. Libr.
Transcribing agency OT
Modifying agency OCoLC
-- DLC
042 ## - AUTHENTICATION CODE
Authentication code premarc
050 00 - LIBRARY OF CONGRESS CALL NUMBER
Classification number QE129
Item number .A2 no. 77
082 ## - DEWEY DECIMAL CLASSIFICATION NUMBER
Classification number 551.49
100 1# - MAIN ENTRY--PERSONAL NAME
Personal name Lusk, Tracy Wallace.
245 00 - TITLE STATEMENT
Title Water levels and artesian pressures in observation wells in Mississippi 1938-1952.
260 ## - PUBLICATION, DISTRIBUTION, ETC.
Place of publication, distribution, etc. University, Miss.,
Date of publication, distribution, etc. 1953.
300 ## - PHYSICAL DESCRIPTION
Extent 65 p.
Other physical details map, fold. diagrs., tables.
Dimensions 23 cm.
410 20 - SERIES STATEMENT/ADDED ENTRY--CORPORATE NAME [OBSOLETE, CAN/MARC], [LOCAL, USA]
Corporate name or jurisdiction name as entry element Mississippi Geological, Economic, and Topographical Survey
Title of a work Bulletin
Volume number/sequential designation 77
500 ## - GENERAL NOTE
General note "Covers the cooperative ground water investigations by the Mississippi State Geological survey and the U.S. Geological Survey and the U.S. Geological Survey during 1938-1947, results of which were published by the Federal Survey as a page or so in each of their annual regional reports of a number of States ... [It] also covers the investigations by the State Geological Survey alone during 1948-1952, heretofore unpublished."
650 #0 - SUBJECT ADDED ENTRY--TOPICAL TERM
Topical term or geographic name entry element Water-supply
Geographic subdivision Mississippi.
650 #0 - SUBJECT ADDED ENTRY--TOPICAL TERM
Topical term or geographic name entry element Groundwater
Geographic subdivision Mississippi.
650 #0 - SUBJECT ADDED ENTRY--TOPICAL TERM
Topical term or geographic name entry element Artesian wells
Geographic subdivision Mississippi.

No items available.

Powered by Koha